[Event "TUR-chT2"]
[Site "Konya"]
[Date "2017.07.12"]
[Round "6.15"]
[White "Aydin, Bilal"]
[Black "Gorgulu, Yusuf"]
[Result "1-0"]
[WhiteElo "1535"]
[BlackElo "1410"]
[PlyCount "47"]
[EventDate "2017.07.09"]
[EventType "team-swiss"]
[EventRounds "9"]
[EventCountry "TUR"]
[SourceTitle "CBM 179 Extra"]
[Source "ChessBase"]
[SourceDate "2017.08.23"]
[SourceVersion "1"]
[SourceVersionDate "2017.08.23"]
[SourceQuality "1"]
[WhiteTeam "Genclik Il Mudurlugu"]
[BlackTeam "Genclik Elazig"]
[WhiteTeamCountry "TUR"]
[BlackTeamCountry "TUR"]

1. e4 e5 2. Nf3 Nc6 3. Bc4 Bc5 4. c3 Nf6 5. d3 h6 6. 0-0 0-0 7. Be3 Bb6 8. Nbd2 d6 9. h3 Ne7 10. d4 d5 11. exd5 Nfxd5 12. Nxe5 Be6 13. Bb3 Nf5 14. Qe2 Ndxe3 15. fxe3 Ng3 16. Qf2 Nxf1 17. Rxf1 Bxb3 18. Nxb3 Qe7 19. Nd2 c6 20. Ndc4 Bc7 21. e4 Rad8 22. g3 f6 23. Nd3 b5 24. Ne3 1-0